Právny a inštitucionálny rámec duševného vlastníctva

Dostupné informácie v oblasti legislatívnej úpravy, inštitucionálneho rámca duševného vlastníctva, ako aj názory na definovanie jeho obsahu. Systém univerzálnych a špecifických zákonov a inštitúcií, ktoré upravujú oblasť duševného vlastníctva. Návrh typológie zákonov a inštitúcií. Praktické problém...

Description complète

Enregistré dans:
Détails bibliographiques
Auteur principal: Matušovič, Martin
Format: Chapitre de livre
Langue:slovaque
Sujets:
Tags: Ajouter un tag
Pas de tags, Soyez le premier à ajouter un tag!

MARC

LEADER 00000nla$a2200000$$$4500
001 0109083
005 20240520091056.1
041 0 |a slo 
044 |a SK 
245 1 0 |a Právny a inštitucionálny rámec duševného vlastníctva  |c Martin Matušovič 
520 |a Dostupné informácie v oblasti legislatívnej úpravy, inštitucionálneho rámca duševného vlastníctva, ako aj názory na definovanie jeho obsahu. Systém univerzálnych a špecifických zákonov a inštitúcií, ktoré upravujú oblasť duševného vlastníctva. Návrh typológie zákonov a inštitúcií. Praktické problémy a niektoré zovšeobecnenia významné pre rozvoj teórie. 
610 2 0 |a vlastníctvo duševné 
610 2 0 |a legislatíva 
610 2 0 |a zákony 
100 1 |a Matušovič, Martin